000 00960nam a2200265Ia 4500
003 OSt
005 20221005105559.0
006 a|||||r|||| 00| 0
007 ta
008 221004b |||||||| |||| 00| 0 hin d
020 _a9788171196005 (hbk)
_c150
024 _a97177
037 _b574, 23/03/2009, Vani Prakashan
_cTextual
040 _aCRL
_cCRL
_bhin
041 _2hin
_ahin
082 _aO152,2N25,8, M3
100 _aसरकार, बादल
245 0 _aबाक़ी इतिहास
246 _aBāक़ī itihāsa
260 _aनई दिल्ली
_bराधाकृष्ण भारत
_c1983
300 _a79पृ0
_ccm.
700 _a जैन, नेमिचन्द्र, अनु.
_9163856
942 _hO152,2N25,8, M3
_cTEXL
_2cc
999 _c1016240
_d1016240